| 000 | 01394nam0a2200361 4500 | ||
|---|---|---|---|
| 001 | RU\NLR\bibl\271068 | ||
| 005 | 20250620132910.0 | ||
| 010 |
_a5-09-009907-3 _910000 |
||
| 021 |
_aRU _b2002-6042 _9293 |
||
| 035 | _a(NLR Aleph) 000266611 | ||
| 090 |
_a1558247 _c1558247 |
||
| 100 | _a20020517d2002 |||y0rusy50 ca | ||
| 101 | 0 | _arus | |
| 102 | _aRU | ||
| 105 | _aa ||||||||| | ||
| 200 | 1 |
_aГеометрия в 10 классе _eМетод. рекомендации к учеб. А. В. Погорелова _eПособие для учителя _fА. Н. Земляков |
|
| 205 | _a3-е изд., дораб. | ||
| 210 |
_aМ. _cПросвещение _d2002 |
||
| 215 |
_a221,[1] с. _cил. _d22 |
||
| 606 | 0 |
_aГеометрия _xМетодика преподавания _xСредняя школа _91308404 _3RU\NLR\auth\66225739 |
|
| 606 | 0 |
_aГеометрия _xПреподавание _xСредняя школа _92153231 _3RU\NLR\auth\661296497 |
|
| 610 | 0 | _aГеометрия - Метод. пособия | |
| 675 |
_a372.851.411 _v3 _zrus |
||
| 686 |
_a14 _2rugasnti |
||
| 686 |
_a74.262.21 _2rubbk |
||
| 686 | _aЧ426.27-215 | ||
| 700 | 1 |
_aЗемляков _bА. Н. _gАлександр Николаевич _4070 |
|
| 801 | 0 |
_aRU _bRKP _c20020517 _gPSBO |
|
| 801 | 1 |
_aRU _bRKP _c20020517 |
|
| 801 | 2 |
_aRU _bNLR _c20020719 _grcr |
|
| 942 | _cBOOK | ||
| 980 | _aNB | ||